|
|
|
|
| LEADER |
00786nta a2200193 i 4500 |
| 001 |
dipl144192 |
| 005 |
20250228153004.0 |
| 008 |
250228s2009 hu om 000 ger d |
| 040 |
|
|
|a SZTE Diploma Repozitórium
|b hun
|
| 041 |
|
|
|a ger
|
| 100 |
1 |
|
|a Kónya Noémi
|
| 245 |
1 |
0 |
|a Kontrastive Wortschatzarbeit - Kollokationen im Deutschen, im Englischen und im Ungarischen
|h [elektronikus dokumentum] /
|c Noémi Kónya
|
| 260 |
|
|
|c 2009
|
| 650 |
|
4 |
|a Bölcsészettudományok
|
| 650 |
|
4 |
|a Humanities
|
| 650 |
|
4 |
|a Languages and Literature
|
| 700 |
0 |
2 |
|a Drahota-Szabó Erzsébet
|e ths
|
| 856 |
4 |
0 |
|u https://diploma.bibl.u-szeged.hu/id/eprint/144192/1/2009_konya_noemi.pdf
|z Dokumentum-elérés
|
| 856 |
4 |
0 |
|u https://diploma.bibl.u-szeged.hu/id/eprint/144192/2/2009_konya_noemi_biralat.pdf
|z Dokumentum-elérés
|